مكتبة جامعة عجلون الوطنية

فهرس بحث المكتبة

Normal view MARC view
  • الأنشطة اللغوية-مهارات التعبير والقراءة-المناظرات

Entry Topical Term

Number of records used in: 1

001 - CONTROL NUMBER

  • control field: 21617

003 - CONTROL NUMBER IDENTIFIER

  • control field: JO-AjAnu

005 - DATE AND TIME OF LATEST TRANSACTION

  • control field: 20230606073737.0

008 - FIXED-LENGTH DATA ELEMENTS

  • fixed length control field: 230606|| aca||aabn | a|a d

040 ## - CATALOGING SOURCE

  • Original cataloging agency: JO-AjAnu
  • Transcribing agency: JO-AjAnu

150 ## - HEADING--TOPICAL TERM

  • Topical term or geographic name entry element: الأنشطة اللغوية-مهارات التعبير والقراءة-المناظرات

670 ## - SOURCE DATA FOUND

  • Source citation: Work cat.: (JO-AjAnu)11106: تاليف جاب الله، علي سعد؛م.مشارك: عبد الغفار محمد الشيزاوي؛محمد جهاد جمل؛تقديم رشدي أحمد طعيمة, author 21616, الانشطة اللغوية أنواعها،معاييرها،استخداماتها